000 00439nam a2200121Ia 4500
008 160712s9999 xx 000 0 und d
100 _aPawilen, Greg Tabios.
245 _cGreg Tabios Pawilen
_aA Model for Developing Curriculum Standards for Preschool Teacher Education
260 _c2012
_bEducation Quarterly
300 _avol. 70 no. 1
650 _xEDUCATION
856 _uhttp://journals.upd.edu.ph/index.php/edq/article/view/3391/3153
999 _c297410
_d297410